Effective keys to successful leadership : (Record no. 1098)

MARC details
000 -LEADER
fixed length control field 00993nam a2200265 a 4500
001 - CONTROL NUMBER
control field 3476569
003 - CONTROL NUMBER IDENTIFIER
control field GBCCL
005 - DATE AND TIME OF LATEST TRANSACTION
control field 20241126110353.0
008 - FIXED-LENGTH DATA ELEMENTS--GENERAL INFORMATION
fixed length control field 930601s1993 orua b 001 0 eng
010 ## -
-- 93160036
020 ## - INTERNATIONAL STANDARD BOOK NUMBER
International Standard Book Number 0914936549
040 ## - CATALOGING SOURCE
Original cataloging agency DLC
Transcribing agency DLC
050 00 -
-- BV652.1
-- .D36 1993
082 00 - DEWEY DECIMAL CLASSIFICATION NUMBER
Classification number 253
Edition information 20
Item number DAM
100 1# - MAIN ENTRY--PERSONAL NAME
Personal name Damazio, Frank.
9 (RLIN) 1957
245 10 - TITLE STATEMENT
Title Effective keys to successful leadership :
Remainder of title practical wisdom for senior pastors appointed by God to lead the local church into its vision and destiny /
Statement of responsibility, etc. Frank Damazio ; with a foreword by Dick Iverson.
260 ## - PUBLICATION, DISTRIBUTION, ETC.
Place of publication, distribution, etc. Portland, Or. :
Name of publisher, distributor, etc. Bible Temple Pub.,
Date of publication, distribution, etc. c1993.
260 ## - PUBLICATION, DISTRIBUTION, ETC.
Place of publication, distribution, etc. Hyderabad :
Name of publisher, distributor, etc. G S Books,
Date of publication, distribution, etc. 2016.
300 ## - PHYSICAL DESCRIPTION
Extent xv, 207, [2] p. :
Other physical details ill. ;
Dimensions 22 cm.
504 ## - BIBLIOGRAPHY, ETC. NOTE
Bibliography, etc. note Includes bibliographical references (p. [209]) and index.
650 #0 - SUBJECT ADDED ENTRY--TOPICAL TERM
Topical term or geographic name entry element Christian leadership.
9 (RLIN) 1568
906 ## - LOCAL DATA ELEMENT F, LDF (RLIN)
a 7
b cbc
c orignew
d 3
e ncip
f 19
g y-gencatlg
942 ## - ADDED ENTRY ELEMENTS (KOHA)
Source of classification or shelving scheme Dewey Decimal Classification
Koha item type Books
Koha issues (borrowed), all copies 8
Holdings
Withdrawn status Lost status Source of classification or shelving scheme Damaged status Not for loan Home library Current Library Shelving location Date acquired Total checkouts Full call number Barcode Date last seen Date last checked out Copy number Price effective from Koha item type
    Dewey Decimal Classification     GRACE BIBLE COLLEGE GRACE BIBLE COLLEGE Ministry & Mission 2017-04-17 8 253 DAM 014301 2025-05-01 2024-02-19 c.1 2017-04-17 Books
© Grace Bible College Library 2025